Globalization, governance, and technology: (Record no. 26606)

MARC details
000 -LEADER
fixed length control field 00990nam a22002538a 4500
005 - DATE AND TIME OF LATEST TRANSACTION
control field 20090520112827.0
008 - FIXED-LENGTH DATA ELEMENTS--GENERAL INFORMATION
fixed length control field 081125s2009 cau 001 0 eng
010 ## - LCCN (DPL NO)
LC control number ENG-93618
020 ## - INTERNATIONAL STANDARD BOOK NUMBER
International Standard Book Number 9788184500806
Terms of availability 1150.00
035 ## - SYSTEM CONTROL NUMBER
System control number EN-77151
037 ## - SOURCE OF ACQUISITION
Source of stock number/acquisition DBAD / PUB
040 ## - CATALOGING SOURCE
Original cataloging agency dpl
Language of cataloging English
082 ## - DEWEY DECIMAL CLASSIFICATION NUMBER
Classification number 303.482
245 ## - TITLE STATEMENT
Title Globalization, governance, and technology:
Statement of responsibility, etc edited by Dhirendra K. Vajpeyi (and) Renu Khator
Remainder of title challenges and alternatives /
260 ## - PUBLICATION, DISTRIBUTION, ETC. (IMPRINT)
Place of publication, distribution, etc New Delhi
Name of publisher, distributor, etc Deep & Deep Publications
Date of publication, distribution, etc 2008
270 ## - ADDRESS
Address F-159, Rajouri Garden,
City New Delhi
Postal code 110027
300 ## - PHYSICAL DESCRIPTION
Extent xv, 272p.
Dimensions 25cm(Hb)
500 ## - GENERAL NOTE
General note Includes references and index
650 ## - SUBJECT ADDED ENTRY--TOPICAL TERM
Topical term or geographic name as entry element Globalisation
700 ## - ADDED ENTRY--PERSONAL NAME
Personal name Vajpeyi, Dhirendra K.
700 ## - ADDED ENTRY--PERSONAL NAME
Personal name Khator, Renu
942 ## - ADDED ENTRY ELEMENTS (KOHA)
Source of classification or shelving scheme Dewey Decimal Classification
Item type English Books
Call number suffix GLO
Classification part 303.482
Holdings
Withdrawn status Lost status Source of classification or shelving scheme Damaged status Not for loan Collection code Home library Current library Date acquired Source of acquisition Cost, normal purchase price Total Checkouts Full call number Barcode Date last seen Copy number Cost, replacement price Koha item type
    Dewey Decimal Classification   Not For Loan Non-fiction D.B.Act.Division D.B.Act.Division 20/05/2009 DBAD / PUB 1150.00   303.482 GLO EN-77151 20/05/2009 1 1150.00 English Books

© Delhi Public Library
Hit Counter
free hit counter